| 000 | 004550000a22001810004500 | ||
|---|---|---|---|
| 003 | MACL | ||
| 005 | 20160108135253.0 | ||
| 008 | 160108b xxu||||| |||| 00| 0 eng d | ||
| 040 |
_aMACL _cMACL |
||
| 041 | _aEnglish | ||
| 082 | _a920.71/GAN | ||
| 100 |
_aGandhi, M K _98264 |
||
| 245 | _aHomage to The Departed | ||
| 260 |
_bNavajivan Publishing House _c1958 _aAhmedabad |
||
| 350 | _a2.50 | ||
| 650 |
_aBiography _929729 |
||
| 942 |
_cBK _k920.71/GAN _2ddc |
||
| 999 |
_c34829 _d34829 |
||